བསམ༌སྤྱོད༌ཤེས༌ཡོན། (Record no. 465)

MARC details
000 -LEADER
fixed length control field 00533nam a2200181 4500
001 - CONTROL NUMBER
control field 628
005 - DATE AND TIME OF LATEST TRANSACTION
control field 20191029145825.0
008 - FIXED-LENGTH DATA ELEMENTS--GENERAL INFORMATION
fixed length control field 191029b ||||| |||| 00| 0 eng d
020 00 - INTERNATIONAL STANDARD BOOK NUMBER
International Standard Book Number 9789993622963
090 00 - LOCALLY ASSIGNED LC-TYPE CALL NUMBER (OCLC); LOCAL CALL NUMBER (RLIN)
Classification number (OCLC) (R) ; Classification number, CALL (RLIN) (NR) 390.095498
100 00 - MAIN ENTRY--PERSONAL NAME
Personal name Tobgye, Sonam.
245 00 - TITLE STATEMENT
Title བསམ༌སྤྱོད༌ཤེས༌ཡོན།
Statement of responsibility, etc. Sonam Tobgye.
260 00 - PUBLICATION, DISTRIBUTION, ETC.
Place of publication, distribution, etc. Thimphu :
Name of publisher, distributor, etc. KMT,
Date of publication, distribution, etc. 2008.
300 00 - PHYSICAL DESCRIPTION
Extent iii, 272 p. : col. ill.
500 00 - GENERAL NOTE
General note In Dzongkha
650 00 - SUBJECT ADDED ENTRY--TOPICAL TERM
Topical term or geographic name entry element Etiquette --Bhutan --Handbooks, manuals, etc.
942 ## - ADDED ENTRY ELEMENTS (KOHA)
Source of classification or shelving scheme Dewey Decimal Classification
Koha item type Dzongkha
Holdings
Withdrawn status Lost status Source of classification or shelving scheme Damaged status Not for loan Collection code Home library Current library Shelving location Date acquired Cost, normal purchase price Serial Enumeration / chronology Inventory number Full call number Barcode Date last seen Copy number Price effective from Koha item type Total Checkouts Total Renewals Date last checked out
    Dewey Decimal Classification     Reference RTC Library RTC Library Reference 05/03/2022 265.00 1853 390.09 TOB 30002706 27/04/2025 7 27/11/2018 Reference      
    Dewey Decimal Classification     Dzongkha RTC Library RTC Library Dzongkha 11/05/2021 265.00 1854 390.09 TOB 30002735 07/04/2026 6 27/11/2018 Dzongkha 13 8 03/04/2026
    Dewey Decimal Classification     Reference RTC Library RTC Library Reference 28/03/2022 265.00 2235 390.09 TOB 30002714 22/05/2025 5 27/11/2018 Reference      
    Dewey Decimal Classification     Dzongkha RTC Library RTC Library Dzongkha 18/05/2021 265.00 3574 390.09 TOB 30004699 21/09/2023 2 27/11/2018 Dzongkha 3   18/05/2021
    Dewey Decimal Classification     Dzongkha RTC Library RTC Library Dzongkha 18/05/2021 265.00 3573 390.09 TOB 30005697 13/09/2024 3 27/11/2018 Dzongkha 3 3 11/09/2024
    Dewey Decimal Classification     Dzongkha RTC Library RTC Library Dzongkha 18/05/2021 265.00 3575 390.09 TOB 30004724 17/09/2024 4 27/11/2018 Dzongkha 6 1 10/09/2024
Royal Thimphu College || All Right Reserved